Live Aid Artists Philadelphia - Sudden Death - Statistics

General Stats
  • This quiz has been taken 13 times
  • The average score is 3 of 12
Answers on the Grid
Answers color-coded by a green-red scale on the quiz's grid according to % correct below.
Black Sabbath
Prince
ABBA
Santana
Aerosmith
Kim Wilde
Sister Sledge
Michael Jackson
Mick Jagger
Eurythmics
Van Halen
Boy George
Marvin Gaye
Judas Priest
Huey Lewis & The News
Robert Plant
Toto
Thompson Twins
Oasis
Bryan Adams
Stevie Wonder
Kansas
Kris Kristofferson
Kool & The Gang
Lita Ford
Eric B & Rakim
Red Hot Chili Peppers
Neil Young
Janet Jackson
Billy Idol
 
Answer Stats
Answer % Correct
Black Sabbath
56%
Judas Priest
33%
Mick Jagger
33%
Santana
33%
Boy George
22%
Bryan Adams
22%
Huey Lewis & The News
22%
Kris Kristofferson
22%
Stevie Wonder
22%
Neil Young
11%
Robert Plant
11%
Thompson Twins
11%
No matching quizzes found
Score Distribution
Percent of People with Each Score
Percentile by Number Answered
Your Score History
You have not taken this quiz